000 00703nam a2200253Ia 4500
003 OSt
005 20221005092038.0
006 a|||||r|||| 00| 0
007 ta
008 221004b |||||||| |||| 00| 0 eng d
020 _a0394522656 (hbk)
024 _a122610
037 _bGift, 29/10/2012,
_cTextual
040 _aCRL
_cCRL
_beng
041 _2eng
_aeng
082 _aV73, M2
100 _aVidal Gore
_916567
245 0 _aSecond American revolution
_b And other essays 1976 - 1982
260 _aNew York
_bRandom house U.S.A
_c1982
300 _a271p.
_ccm.
650 _aHISTORY
942 _hV73, M2
_cTEXL
_2cc
999 _c998239
_d998239